000
00259nam a2200109Ia 4500
008
200302s9999 xx 000 0 und d
100
_a
Robert M. Jones
245
_a
Porches and Patios
260
_b
Time Life Books Co. Inc.
260
_c
1981
300
_a
136 P.,
999
_c
2218
_d
2218